000 00311nam a22001457a 4500
020 _a1-8442-2704-9
082 _a823
_bLAD/W
100 _aLADYBIRD
245 _aWALLACE & GROMIT
260 _aUK
_bLADYBIRD
300 _a45
520 _aENGLISH SHORT STORY
650 _aENGLISH SHORT STORY
_zUK
942 _cBK
999 _c4948
_d4948